000 00847nam a22002177a 4500
005 20240530110532.0
008 160322s2012 ua g b 000 f ara d
017 _a2012/3328
_bمصر . دار الكتب المصرية
020 _a9789774990670
040 _aEG-CaGPL
082 0 4 _221
_a813.009\
_bإ ر
100 0 _aادريس الخضراوى
245 1 2 _aالرواية العربية و اسئلة ما بعد الاستعمار /
_cادريس الخضراوى
260 _aالقاهرة :
_bرؤية للنشر و التوزيع ،
_c2012 .
300 _a319 ص ؛
_c19 سم .
490 _aالسرد العربى ؛
_v4
504 _aيشتمل على ارجاعات ببليوجرافية
650 0 4 _aالقصص العربية
_xتاريخ و نقد
942 _2ddc
_cBK
999 _c62117
_d62117